| 000 | 00892nam a2200277 a 4500 | ||
|---|---|---|---|
| 005 | 20180803164929.0 | ||
| 008 | 140121b1999 ck ||||| |||| 00| 0 spa d | ||
| 041 | _aspa | ||
| 044 | _ack | ||
| 090 |
_aIAvH _b00100 |
||
| 100 |
_aNaranjo Henao, Luis Germán _93891 |
||
| 245 |
_aHumedales interiores de Colombia _bbases técnicas para su conservación y uso sostenible |
||
| 260 |
_aBogotá _bInstituto Alexander von Humboldt _bMinambiente _c1999 |
||
| 300 | _a79 p. | ||
| 650 |
_aHumedales _9396 |
||
| 650 |
_aConservación de ecosistemas _92473 |
||
| 650 |
_aUso sostenible _9344 |
||
| 650 |
_aBiodiversidad _992204 |
||
| 650 |
_aManejo de ecosistemas _992251 |
||
| 650 |
_aPolítica ambiental _9176 |
||
| 662 | _aColombia | ||
| 650 |
_aGestión ambiental _992206 |
||
| 700 |
_aAndrade Pérez, Germán Ignacio _9869 |
||
| 700 |
_aPonce de León, Eugenia _94218 |
||
| 942 |
_cCD-ROM _2z _06 |
||
| 999 |
_c1731 _d1731 |
||